000 00299nam a22001337a 4500
008 170303b xxu||||| |||| 00| 0 eng d
020 _a0721636187
041 _aeng
080 _a616.073
100 _a6
101 _aSHM
245 _aPEDIATRIC ORTHOPEDIC RADIOLOGY
_cOZONOFF.M.B
942 _2udc
_cBK
999 _c6682
_d6682